Marathi English Dictionary (Record no. 293658)

MARC details
000 -LEADER
fixed length control field 00400nam a2200157Ia 4500
008 - FIXED-LENGTH DATA ELEMENTS--GENERAL INFORMATION
fixed length control field 230718s9999 xx 000 0 und d
041 ## - LANGUAGE CODE
Language code of text/sound track or separate title eng
082 ## - DEWEY DECIMAL CLASSIFICATION NUMBER
Classification number 423
Item number DES
100 ## - MAIN ENTRY--PERSONAL NAME
Personal name Deshpande M.K.
245 ## - TITLE STATEMENT
Title Marathi English Dictionary
260 ## - PUBLICATION, DISTRIBUTION, ETC. (IMPRINT)
Date of publication, distribution, etc. 1967
Name of publisher, distributor, etc. Suvichar Prakashan Mandal
300 ## - PHYSICAL DESCRIPTION
Extent 634
365 ## - TRADE PRICE
Currency code Rs.
Price amount 75.00
700 ## - ADDED ENTRY--PERSONAL NAME
Personal name Deshpande M.K.
906 ## - LOCAL DATA ELEMENT F, LDF (RLIN)
d B:86330-Mar-1995
c OTH
b 11.25
Holdings
Withdrawn status Lost status Damaged status Not for loan Home library Current library Date acquired Vendor Budget Code Cost, normal purchase price Bill number Total Checkouts Full call number Barcode Date last seen Discount Cost, replacement price Bill Date Koha item type Original Barcode
        Cummins College of Engineering for Women Pune Cummins College of Engineering for Women Pune 18/04/1995 Pradeep Book Distributors OTH 63.75 863   423 CCEP-BK-4763 18/07/2023 11.25 75.00 30/03/1995 Books 004763